| 000 | 00451ari a2200145 4500 | ||
|---|---|---|---|
| 005 | 20241004094125.0 | ||
| 008 | 150327b xxu||||| |||| 00| 0 spa d | ||
| 245 | _a101 juegos | ||
| 300 | _b5 tableros de juego doble cara, 60 peones multicolores, 32 piezas de ajedrez, 6 dados, 40 cerillas (palillos), 32 fichas redondas | ||
| 650 | _aJUEGOS DE MESA | ||
| 650 | _a101 JUEGOS | ||
| 650 | _aESTRATEGIA | ||
| 650 | _aENTRETENIMIENTO | ||
| 942 |
_cJM _2ddc |
||
| 999 |
_c12315 _d12315 |
||